| 000 | 00636cam a22002293a 4500 | ||
|---|---|---|---|
| 001 | 16384 | ||
| 003 | PGUSA | ||
| 005 | 20140828083341.0 | ||
| 008 | 050729s2005||||xxu|||||s|||||000 1 eng d | ||
| 040 |
_aPGUSA _beng |
||
| 042 | _adc | ||
| 050 | 4 | _aPQ | |
| 100 | 1 |
_aQueirós, Eça de, _d1845-1900 |
|
| 245 | 1 | 0 |
_aO Mandarim _h[electronic resource] / _cEça de Queirós |
| 260 |
_bProject Gutenberg, _c2005 |
||
| 506 | _aPublic domain in the USA. | ||
| 516 | _aElectronic text | ||
| 653 | _aPortuguese fiction -- 19th century | ||
| 830 | 0 |
_aProject Gutenberg _v16384 |
|
| 856 | 4 | 0 | _uhttp://www.gutenberg.org/ebooks/16384 |
| 942 | _cEB | ||
| 999 |
_c245639 _d245639 |
||